1043 1530 1085 1510 1735 1223 1408 1632 1221 1359 1605 1857 1199 1561 1176 1680 1979 1708 1118 1604 1786 1605 1060 1685 1332 1883 1422 1036 1193 1378 1267 1590 1268 1308 1516 1239 1739 1497 1080 1080 1225 1349 1703 1269 1983 1267 1705 1495 1155 1359 1716 1974 1442 1254 1653 1936 1299 1526 1671 1900 1443 1903 1023 1121 1201 1850 1079 1372 1294 1044 1963 1825 1264 1264 1146 1588 1329 1737 1889 1531 1339 1008 1204 1940 1007 1445 1964 1232 1620 1162 1659 1355 1241 1340 1951 1220 1252 1708 1610 BCNSPRNW ULIB Ver.6.0+V

เปลี่ยนเป็นภาษาไทย

Change to English
 แสดงรายละเอียดบรรณานุกรม
  กลับหน้าหลัก

Brief Record : Get Marc (ISO 2709) : E-mail record : QR code < ปิดหน้าต่าง
LEADER : 00000nam 2200000uu 4500
001    13399109299
003     ULIB
008    110328s2548||||th 000 0 tha d
020    9744659084
060 04 WA546^bส698น 2548
245 00 คู่มือการพัฒนาศูนย์สุขภาพชุมชน :^b(หน่วยบริการปฐมภูมิ :PUC) /^cบรรณาธิการ, สำเริง แหยงกระโทก, รุจิรา มังคละศิริ
250    พิมพ์ครั้งที่ 2
260    นครราชสีมา :^bศูนย์ฝึกอบรมและพัฒนาสาธารณสุขนครราชสีมาสำนักงานสาธารณสุขจังหวัดนครราชสีมา,^c2548
300    216 หน้า :^bภาพประกอบ ;^c28 ซม.
650  7 สถานบริการสาธารณสุข
650  7 สุขภาพ
650  7 ศูนย์สุขภาพชุมชน
700 0  สำเริง แหยงกระโทก,^eบรรณาธิการ
700 0  รุจิรา มังคละศิริ,^eบรรณาธิการ
710 2  สำนักงานสาธารณสุขจังหวัดนครราชสีมา.^bศูนย์ฝึกอบรมและพัฒนาสาธารณสุขนครราชสีมา
995     ทศพร
999 ^a ใช้งานได้ทุกระบบ
รายการนี้ยังไม่มีแท็ก
คุณยังไม่ได้ล็อกอิน คุณสามารถมีกิจกรรมร่วมกับเว็บไซต์ได้ แต่ต้องล็อกอินก่อน ::
  ล็อกอิน

รายการสื่อสารสนเทศ

ลำดับที่ ประเภท เลขเรียก/บาร์โค้ด สถานที่ สถานะ
- ไม่พบข้อมูล -

รายการใกล้เคียง
    หัวเรื่อง [สถานบริการสาธารณสุข]
    หัวเรื่อง [สุขภาพ]
    หัวเรื่อง [ศูนย์สุขภาพชุมชน]

BibComment


ยังไม่เคยถูกคอมเมนท์

คอมเมนท์ทรัพยากรรายการนี้
  คอมเมนท์: คู่มือการพัฒนาศูน..


 Copyright 2026. Bcnsprnw @Library